000 00684nam a22002177a 4500
999 _c156788
_d156788
005 20180929154636.0
006 a|||||f|||| 00| 0
007 tc
008 180720b xxu||||| |||| 00| 0 eng d
010 _aBR-002385-BR-002386
020 _c30.00
035 _a BR-002385
037 _bA.I.C.B.
082 _aS
245 _aRaju and the sky ladder/
_cReserve Bank of India
260 _aDelhi
_bA.C.I.B.
_cN.D.
270 _aSector-5, Rohini,
_bNew Delhi
_e110085
300 _avarious pages.
_c30cm(HB).
942 _2ddc
_cBRLEN
_hS
_mRAJ